Economie de la croissance / (Registro nro. 8770)

Detalles MARC
000 -LEADER
fixed length control field 03290nam a2200241Ia 4500
003 - CONTROL NUMBER IDENTIFIER
control field OSt
005 - DATE AND TIME OF LATEST TRANSACTION
control field 20211112141514.0
008 - FIXED-LENGTH DATA ELEMENTS--GENERAL INFORMATION
fixed length control field 210310s1982 fr ad fr 000 0 fre d
040 ## - CATALOGING SOURCE
Original cataloging agency CO-JMCR
Transcribing agency CO-JMCR
041 0# - LANGUAGE CODE
Language code of text/sound track or separate title fre
082 04 - DEWEY DECIMAL CLASSIFICATION NUMBER
Classification number 338.9001 /
Item number P535e
Edition number 23
100 1# - MAIN ENTRY--PERSONAL NAME
Personal name Phan, Duc-Lol,
9 (RLIN) 18237
Relator term autor
245 10 - TITLE STATEMENT
Title Economie de la croissance /
Statement of responsibility, etc. Duc-Lol Phan
260 ## - PUBLICATION, DISTRIBUTION, ETC.
Place of publication, distribution, etc. Paris :
Name of publisher, distributor, etc. Economica,
Date of publication, distribution, etc. 1982
300 ## - PHYSICAL DESCRIPTION
Extent 292 páginas :
Other physical details ilustraciones y gráficas a blanco y negro ;
Dimensions 24 cm.
504 ## - BIBLIOGRAPHY, ETC. NOTE
Bibliography, etc. note Bibliografía: páginas 281-286
505 0# - FORMATTED CONTENTS NOTE
Formatted contents note Les dimensions du probleme -- L'équilibre dynamique en régime permanent -- Capital et répartition -- L'accumulation et les crises
520 3# - SUMMARY, ETC.
Summary, etc. A Pendant les années prospères qui marquent la décennie 1960, la thèse de croissance zéro exerçait une séduction certaine auprès de l'opinion publi que. Mais avec la montée et la persistance de la crise, l'impératif d'une croissan ce positive pour faciliter le redressement de l'économie revient au premier plan de l'actualité.<br/>Du point de vue de la stricte théorie cependant, une croissance à taux régulier positif est-elle toujours réalisable? Comment doit évoluer une écono mie dans le temps pour atteindre cet objectif ? Faut-il à cet effet prendre appui sur l'épargne, ou sur l'investissement ? Quel en est le prix à payer par la société et à qui il incombe en définitive?<br/><br/>Ces préoccupations se trouvent à l'origine des controverses passionnées, quoique pas toujours limpides qui opposent l'école néo-classique aux néo-key nésiens ou néo-ricardiens d'une part, et aux marxiens de l'autre. Dans le pre mier cas, la confrontation porte sur le problème de la mesure du capital, sur le rôle dévolu à la répartition ou à la flexibilité des prix; ou encore sur les croyances néo-classiques érigées en «paraboles». Dans le second cas, les diver gences ont trait notamment à la preuve de l'exploitation capitaliste qu'impli que la transformation des valeurs en prix, et à l'acheminement inéluctable ou non de toute économie capitaliste vers un état permanent de crise.<br/><br/>Ces thèmes controversés qui alimentent une partie de la littérature théo rique récente, après avoir été détachés de l'arrière-plan idéologique qui em brouille leur fondement logique, sont analysés, articulés et expliqués dans ce livre avec un grand souci de clarté et de simplicité, sans pour autant renoncer à la rigneur nécessaire, dans le but d'aider efficacement le lecteur à acquérir, ou à mettre à jour, les connaissances indispensables dans le domaine de la croi sance et de la théorie du capital.<br/><br/>Diplômé de l'Institut d'Etudes Politiques de Paris et du Centre d'Etu des des Programmes Economiques, agrégé des Facultés, Duc-Loi Phan enseigne actuellement à l'Université Paris-Nord, où il dirige depuis 1979 le départe ment d'Economie, après avoir mené une carrière de chercheur au CEPREMAP (1962-1969) et au CNRS (1969-1973). Ses travaux portent sur les problèmes de croissance, de politique économique et des échanges internationaux.<br/>
650 14 - SUBJECT ADDED ENTRY--TOPICAL TERM
Topical term or geographic name entry element Desarrollo económico
9 (RLIN) 18239
650 24 - SUBJECT ADDED ENTRY--TOPICAL TERM
Topical term or geographic name entry element Capital
General subdivision Modelos matemáticos
9 (RLIN) 41510
650 24 - SUBJECT ADDED ENTRY--TOPICAL TERM
Topical term or geographic name entry element Desarrollo económico
General subdivision Modelos matemáticos
9 (RLIN) 41511
942 ## - ADDED ENTRY ELEMENTS (KOHA)
Source of classification or shelving scheme Dewey Decimal Classification
Koha item type Books
Existencias
Withdrawn status Lost status Source of classification or shelving scheme Damaged status Not for loan Collection code Home library Current library Date acquired Source of acquisition Full call number Barcode Date last seen Copy number Koha item type
    Dewey Decimal Classification     Non-fiction Biblioteca Pública José María del Castillo y Rada Biblioteca Pública José María del Castillo y Rada 04/15/2018 Donación 338.9001 / P535e 430006107 05/16/2024 Ej.1 Books